Statistiques concernant Version cartoon de pays

Cliquez ici pour prendre le quiz!

Statistiques générales

  • Ce quiz a été pris 11 023 fois
  • Le résultat moyen est 7 sur 12

Statistiques - réponses

Réponse% Correct
Australie
95%
Japon
93%
Royaume-Uni
86%
Croatie
82%
Chine
80%
Somalie
74%
Chypre
65%
Tchad
55%
Haïti
40%
Bangladesh
34%
Paraguay
22%
Costa Rica
21%

Distribution des résultats

Percentile par nombre de réponses

% des personnes avec chaque résultat

Votre développement - résultats

Vous n’avez pas pris ce quiz